000 00675nam a22002177a 4500
999 _c11392
_d11392
003 AR-CdUCM
008 190403b ||||| |||| 00| 0 spa d
040 _aMUNICIPALIDAD PROVINCIAL DEL CUSCO
_cBIBLIOTECA MUNICIPAL DEL CUSCO
082 _aC / 869.56 /
_bH96
100 _aHurtado de Mendoza, William
_918029
245 _aEcos de mi pueblo /
260 _aCusco :
_bH. G. Rozas,
_c1967.
300 _a39 páginas ;
_c24 cm.
500 _aPequeña crónica acerca del poemario "Ecos de mi pueblo".
505 _aContenido: Poemas.
650 _aPoemas Cusqueños
_917375
650 _aSiglo XX
_98
650 _aLiteratura
_983
942 _2ddc
_cLIBROS
945 _aachl